000 00432nam a2200193Ia 4500
999 _c163
_d163
003 0100
008 130227s9999 xx 000 0 und d
040 _cARRUPELIB
050 _aDT955.W55
100 _aWinterbottom, J. M.
_940285
245 _aUnderstanding the African /
260 _aLondon
_bLongmans, Green
_c1945
300 _aviii
300 _b 61p 18cm
650 _aRhodesia
_xNative races
_940258
942 _2lcc
_01
_cMONOGRAPH